Hindustav And Violence: (Record no. 201127)

MARC details
000 -LEADER
fixed length control field 00629nam a22001817a 4500
005 - DATE AND TIME OF LATEST TRANSACTION
control field 20240313143702.0
010 ## - LCCN (DPL NO)
LC control number ENG-139476
020 ## - INTERNATIONAL STANDARD BOOK NUMBER
International Standard Book Number 9788178246529
Terms of availability 1095.00
035 ## - SYSTEM CONTROL NUMBER
System control number EN-123008
037 ## - SOURCE OF ACQUISITION
Source of stock number/acquisition DBAD/PUB
082 ## - DEWEY DECIMAL CLASSIFICATION NUMBER
Classification number 294.5054
100 ## - MAIN ENTRY--PERSONAL NAME
Personal name Chaturvedi Vinayak
245 ## - TITLE STATEMENT
Title Hindustav And Violence:
Remainder of title V.D. Savarkar and the Politics of Histrory/
Statement of responsibility, etc By Vinayak Chaturvedi
260 ## - PUBLICATION, DISTRIBUTION, ETC. (IMPRINT)
Place of publication, distribution, etc Permanent Black
Name of publisher, distributor, etc Ranikhet Cantt,
Date of publication, distribution, etc 2022
270 ## - ADDRESS
City New Delhi
Address Himalaya' ,Mall Road , Ranikher Cannt,
Postal code 263645
Electronic mail address perblack@gmail.com
300 ## - PHYSICAL DESCRIPTION
Extent 463p.
Dimensions 22cm(pbk)
Other physical details Images
942 ## - ADDED ENTRY ELEMENTS (KOHA)
Source of classification or shelving scheme Dewey Decimal Classification
Item type English Books
Call number suffix CHA
Classification part 294.5054
Holdings
Withdrawn status Lost status Not for loan Collection code Home library Current library Date acquired Source of acquisition Cost, normal purchase price Full call number Barcode Copy number Cost, replacement price Koha item type
      Non-fiction Peshwa Road Peshwa Road 29/02/2024 DBAD/PUB 1095.00 CHA 294.5054 EN-123008 1 1095.00 English Books

© Delhi Public Library
Hit Counter
free hit counter